LEADER 00885cam0-22003251i-450- 001 990006363980403321 005 19980601 010 $a88-13-19932-5 035 $a000636398 035 $aFED01000636398 035 $a(Aleph)000636398FED01 035 $a000636398 100 $a19980601d1997----km-y0itay50------ba 101 0 $aita 102 $aIT 105 $ay-------001yy 200 1 $a<>Processo penale minorile$fPaolo Giannino 205 $a2 ed. 210 $aPadova$cCedam$dc1997 215 $aXV, 301 p.$d23 cm 225 1 $aStudi penitenziari$fcollana diretta da Bruno Ferraro$v1 676 $a345.05$v20$zita 700 1$aGiannino,$bPaolo$0239269 801 0$aIT$bUNINA$gRICA$2UNIMARC 901 $aBK 912 $a990006363980403321 952 $aXIII D 158 (1)$b34507*$fFGBC 959 $aFGBC 996 $aProcesso penale minorile$9659154 997 $aUNINA LEADER 01067nam0-2200361---450- 001 990005646310403321 005 20160420104125.0 035 $a000564631 035 $aFED01000564631 035 $a(Aleph)000564631FED01 035 $a000564631 100 $a19990604d1977----km-y0itay50------ba 101 0 $aita 102 $aIT 105 $ay-------001yy 200 1 $aFilosofia della "morte dell'uomo"$esaggio sul pensiero di Michel Foncault$fEnrico Corradi 210 $aMilano$cVita e pensiero$d1977 215 $a283 p.$d20 cm 225 1 $aFilosofia e scienze umane$v14 300 $aDi seguito all'editore: Pubblicazioni dell'Università Cattolica 610 0 $aFoucault, Michel 676 $a340 676 $a194 700 1$aCorradi,$bEnrico$0217619 801 0$aIT$bUNINA$gREICAT$2UNIMARC 901 $aBK 912 $a990005646310403321 952 $aP.1 9F FOU/S 12$bIST.ST.FIL. 6742$fFLFBC 952 $aSDI-2KS 235$bs.i.$fSDI 959 $aFLFBC 959 $aSDI 996 $aFilosofia della "morte dell'uomo"$9606253 997 $aUNINA